000 00675nam a2200241Ia 4500
003 OSt
005 20220927114925.0
006 a|||||r|||| 00| 0
007 ta
008 220926b |||||||| |||| 00| 0 eng d
024 _a14643
037 _cThesis and Dissertations
040 _aRTL
_cRTL
_beng
041 _2eng
_aeng
082 _aX:57:(Z).2.N7
245 0 _a"FOREDIGN EXCHANGE regulation act, 1973"
_b with rule
260 _aAllhabad
_bCentral Law Agency
_c2001
300 _a140p.
_ccm.
650 _a Foreign Exchange
650 _aEconomics
942 _hX:57:(Z).2.N7
_cCC
999 _c705250
_d705250